000 00976nam a22001697a 4500
008 120529t xxu||||| |||| 00| 0 eng d
020 _a0749429399 9780749429393
050 _aHF5549.5.T7.S4831
100 _aSheal, Peter
245 _aStaff development handbook. /
_cPeter, Sheal
260 _aLondon :
_bKogan Page,
_c 1999.
300 _a240 p.:
_c24 cm.
505 _aContents: Introduction -- Developing others: your role in motivating performance -- How to introduce new staff to your organization -- How to provide mentoring and on-the-job training -- How to prepare for a group training session -- How to improve performance through training courses and seminars -- How to delegate work and responsibilities -- How to conduct effective performance reviews -- Appendix 1: How to develop and use presentation aids -- Appendix 2: Staff development references and resources.
650 _aCareer development.
650 _aEmployees
_x Training of.
942 _2lcc
_cBK
999 _c978
_d8478